Les villes avec le plus d'algériens en France - Statistiques

Statistiques générales
  • Ce quiz a été pris 148 fois
  • Le résultat moyen est 11 sur 20
Statistiques - réponses
# Pop Ville % Correct
1 46.098 Marseille
99%
2 44.365 Paris
99%
3 14.779 Lyon
93%
10 7.387 Lille
89%
15 5.924 Nice
83%
4 14.477 Toulouse
83%
8 7.943 Montpellier
72%
17 5.706 Strasbourg
71%
6 9.010 Saint-Denis
63%
14 6.152 Grenoble
52%
5 9.332 Roubaix
47%
7 9.006 Saint-Étienne
43%
18 5.351 Nanterre
38%
20 5.076 Montreuil
31%
12 6.794 Villeurbanne
31%
9 7.501 Argenteuil
28%
11 6.978 Aubervilliers
28%
16 5.892 Mulhouse
23%
13 6.168 Vénissieux
17%
19 5.273 Vitry-sur-Seine
7%
Aucun quiz correspondant
Distribution des résultats
% des personnes avec chaque résultat
Percentile par nombre de réponses
Votre historique - résultats
Vous n’avez pas pris ce quiz